00866cam a2200253 i 4500952017600000999001700176001000800193003000900201005001700210008004100227010001700268020001100285040002800296050001800324082001600342100003600358245004600394250001200440260004300452300002400495650003600519906004500555942001200600 00102ddc40718NFICaASLbASLcGENd2021-01-14eProf. Azizul Haq and Prof. Husniara Huq Collectionsl0o297.5 AJWp104344r2021-01-14 00:00:00tC-1w2021-01-14yBKzRARE c20839d208393191947BDDh-ASL20231015025937.0770511s1975 pk 000 0 eng  a 76938596  cRs6.75 aDLCcDLCdDLCdBDDh-ASL00aBP161.2b.A4700a297.5bAJW 1 aAjijola, Adeleke Dirisu,d1932-10aWhy I believe in Islam? /cA. D. Ajijola. a1st ed. aLahore :bIslamic Publications,c1975. aix, 65 p. :c18 cm. 0aIslamxEssence, genius, nature. a7bcbccorignewd4encipf19gy-gencatlg 2ddccBK